Detalles MARC
| 000 -LEADER |
| fixed length control field |
03145nam a22003377a 4500 |
| 003 - CONTROL NUMBER IDENTIFIER |
| control field |
DO-SdBNP |
| 005 - DATE AND TIME OF LATEST TRANSACTION |
| control field |
20210803085914.0 |
| 008 - FIXED-LENGTH DATA ELEMENTS--GENERAL INFORMATION |
| fixed length control field |
210723b 2020 dr a c 00| 0 eng d |
| 020 ## - INTERNATIONAL STANDARD BOOK NUMBER |
| International Standard Book Number |
9789945613452 |
| 040 ## - CATALOGING SOURCE |
| Original cataloging agency |
BPMSU |
| Language of cataloging |
spa |
| Transcribing agency |
BPMSU |
| 082 ## - DEWEY DECIMAL CLASSIFICATION NUMBER |
| Classification number |
027.07293 |
| Item number |
E56g 2018 |
| Edition number |
22 |
| 111 2# - MAIN ENTRY--MEETING NAME |
| Meeting name or jurisdiction name as entry element |
Encuentro Nacional de Archivos |
| Number of part/section/meeting |
(6º : |
| Date of meeting |
2018 : 13-15 junio. |
| Location of meeting |
Santo Domingo, República Dominicana ) |
| 245 ## - TITLE STATEMENT |
| Title |
Gestión documental : |
| Remainder of title |
administración electrónica / |
| Statement of responsibility, etc. |
cuidado de edición : Raymundo González, Ángel Hernández. |
| 246 13 - VARYING FORM OF TITLE |
| Title proper/short title |
Sesto Encuentro Nacional de Archivos (Memorias) |
| 260 ## - PUBLICATION, DISTRIBUTION, ETC. (IMPRINT) |
| Place of publication, distribution, etc. |
Santo Domingo : |
| Name of publisher, distributor, etc. |
Archivo General de la Nación, |
| Date of publication, distribution, etc. |
2020. |
| 300 ## - PHYSICAL DESCRIPTION |
| Extent |
156 p. : |
| Other physical details |
il., retrs. ; |
| Dimensions |
25 cm. |
| 490 0# - SERIES STATEMENT |
| Series statement |
Publicación del Archivo General de la Nación ; |
| Volume/sequential designation |
378 |
| 500 ## - GENERAL NOTE |
| General note |
Incluye referencias bibliográficas y notas al pie de las páginas |
| 500 ## - GENERAL NOTE |
| General note |
Incluye índice |
| 505 0# - FORMATTED CONTENTS NOTE |
| Formatted contents note |
Presentación.-- Discurso de apertura: «Gestión documental y administración electrónica» / Roberto Cassá -- Los desafíos de la gestión del documento electrónico desde una perspectiva archivística / Ramón Alberch i Fugueras -- Marco normativo de tecnologías de la información y comunicación / Glenny Castro -- La gestión de los datos de carácter personal en los archivos a través del nuevo reglamento europeo de protección de datos personales / Cristina Díaz Martínez -- Normas sobre tecnologías de la información y comunicación NORTIC A2, A3 y E1 para el desarrollo y gestión de los medios Web, Datos Abiertos y Redes Sociales de Estado Dominicano / Huáscar Frías Vilorio -- Aspectos legales de la Firma Digital en República Dominicana / Jasmín Fabré -- Oficina paperless: los pasos previos / Marie-France Balasse -- La gestión de documentos electrónicos en la Comunidad de Madrid / Antonio González Quintana -- Firma Digital en la gestión documental / Jasmín Fabré -- La transición del documento analógico al documento digital: problemas y retos para la administración pública actual / Ramón Aguilera Murguía -- Plenaria: implementación del Archivo Digital Nacional / Erika Rangel -- El legado digital de la Junta Central Electoral / Juan Karlos Saladín -- Índice de uso de TIC e implementación de Gobierno Electrónico en el Estado Dominicano / Melvin Hilario, 121.-- Gobierno Digital / Armando García, 129.-- Palabras de clausura del 6.º Encuentro Nacional de Archivos / José Vílchez -- Anexos -- Lista de participantes por institución -- Programa del evento -- Fotos 6.º Encuentro Nacional de Archivos. |
| 590 ## - LOCAL NOTE (RLIN) |
| Local note |
Inventariado, 2021 /VM<br/><br/> |
| 650 #4 - SUBJECT ADDED ENTRY--TOPICAL TERM |
| Topical term or geographic name as entry element |
Archivos |
| Geographic subdivision |
República Dominicana |
| Form subdivision |
Congresos, conferencias, etc. |
| 650 #4 - SUBJECT ADDED ENTRY--TOPICAL TERM |
| Topical term or geographic name as entry element |
Gestión documental |
| Form subdivision |
Congresos, conferencias, etc. |
| 650 #4 - SUBJECT ADDED ENTRY--TOPICAL TERM |
| Topical term or geographic name as entry element |
Automatización de archivos |
| Form subdivision |
Congresos, conferencias, etc. |
| 650 #4 - SUBJECT ADDED ENTRY--TOPICAL TERM |
| Topical term or geographic name as entry element |
Archivos |
| Geographic subdivision |
América Latina |
| Form subdivision |
Congresos, conferencias, etc. |
| 700 1# - ADDED ENTRY--PERSONAL NAME |
| Personal name |
González, Raymundo, |
| Dates associated with a name |
1961- |
| Relator term |
cuidado de edición |
| 700 1# - ADDED ENTRY--PERSONAL NAME |
| Personal name |
Hernández, Ángel, |
| Relator term |
cuidado de edición |
| 710 2# - ADDED ENTRY--CORPORATE NAME |
| Corporate name or jurisdiction name as entry element |
Archivo General de la Nación (República Dominicana) |
| 910 ## - USER-OPTION DATA (OCLC) |
| User-option data |
VMateo V. |
| 942 ## - ADDED ENTRY ELEMENTS (KOHA) |
| Source of classification or shelving scheme |
Dewey Decimal Classification |
| Koha item type |
Libros |